<?xml version="1.0" encoding="UTF-8"?>
<collection xmlns="http://www.loc.gov/MARC21/slim">
 <record>
  <leader>02320nam a2200349 a 4500</leader>
  <controlfield tag="001">TVCDKTCT9089</controlfield>
  <controlfield tag="003">Thư viện trường Cao đẳng Kỹ thuật Cao Thắng</controlfield>
  <controlfield tag="005">20080421000000</controlfield>
  <controlfield tag="008">080421</controlfield>
  <datafield tag="980" ind1="\" ind2="\">
   <subfield code="a">Thư viện Trường CĐ Kỹ Thuật Cao Thắng</subfield>
  </datafield>
  <datafield tag="024" ind1=" " ind2=" ">
   <subfield code="a">RG_1 #1 eb0 i1</subfield>
  </datafield>
  <datafield tag="041" ind1="0" ind2="#">
   <subfield code="a">vie</subfield>
  </datafield>
  <datafield tag="082" ind1="#" ind2="#">
   <subfield code="a">621.815 / </subfield>
   <subfield code="b">CH300T-n</subfield>
  </datafield>
  <datafield tag="100" ind1="1" ind2="#">
   <subfield code="a">Nguyễn Trọng Hùng</subfield>
  </datafield>
  <datafield tag="245" ind1="0" ind2="0">
   <subfield code="a">Chi tiết cơ cấu chính xác (Tập 2) /</subfield>
   <subfield code="c">Nguyễn Trọng Hùng</subfield>
  </datafield>
  <datafield tag="250" ind1="#" ind2="#">
   <subfield code="a">In lần thứ 1</subfield>
  </datafield>
  <datafield tag="260" ind1="#" ind2="#">
   <subfield code="a">H. :</subfield>
   <subfield code="b">Bách khoa ,</subfield>
   <subfield code="c">2007</subfield>
  </datafield>
  <datafield tag="300" ind1="#" ind2="#">
   <subfield code="a">185tr. ;</subfield>
   <subfield code="c">24cm.</subfield>
  </datafield>
  <datafield tag="520" ind1="#" ind2="#">
   <subfield code="a">Hiện nay với sự phát triển mạnh mẽ của khoa học kỹ thuật và công nghệ, hàng loạt các thiết bị hiện đại trong tất cả các lĩnh vực đã được sản xuất.</subfield>
  </datafield>
  <datafield tag="520" ind1="#" ind2="#">
   <subfield code="a">Với chức năng đa dạng và phong phú của các chi tiết cơ cấu chính xác: biến đổi, truyền động và chỉ thị tín hiệu, ổn định, điều chế thông tin, ghép nối các phần tử để cấu thành thiết bị máy. Cuốn giáo trình đã đề cập đến các nội dung về lĩnh vực cơ khí chính  xác của các phạm vi kỹ thuật. </subfield>
  </datafield>
  <datafield tag="520" ind1="#" ind2="#">
   <subfield code="a">Tập 2 này tiếp theo nội dung của tập 1 gồm những chương sau:</subfield>
  </datafield>
  <datafield tag="520" ind1="#" ind2="#">
   <subfield code="a">- Chương 10: Khái niệm và các chỉ tiêu đánh giá độ chính xác cơ cấu</subfield>
  </datafield>
  <datafield tag="520" ind1="#" ind2="#">
   <subfield code="a">- Chương 11: Sai số sơ đồ cơ cấu</subfield>
  </datafield>
  <datafield tag="520" ind1="#" ind2="#">
   <subfield code="a">- Chương 12: Phương pháp giảm sai số sơ đồ</subfield>
  </datafield>
  <datafield tag="520" ind1="#" ind2="#">
   <subfield code="a">- Chương 13: Sai số các thông số hình học cơ cấu</subfield>
  </datafield>
  <datafield tag="520" ind1="#" ind2="#">
   <subfield code="a">- Chương 14: Chọn khâu bồi thường và hệ thống điều chỉnh</subfield>
  </datafield>
  <datafield tag="520" ind1="#" ind2="#">
   <subfield code="a">- Chương 15: Tổng hợp độ chính xác và xác định dung sai cho các thông số hình học của cơ cấu</subfield>
  </datafield>
  <datafield tag="520" ind1="#" ind2="#">
   <subfield code="a">- Chương 16: Bài tập lớn chi tiết cơ cấu chính xác</subfield>
  </datafield>
  <datafield tag="650" ind1="#" ind2="4">
   <subfield code="a">Chi tiết máy</subfield>
  </datafield>
  <datafield tag="650" ind1="#" ind2="4">
   <subfield code="a">Cơ cấu máy</subfield>
  </datafield>
  <datafield tag="650" ind1="#" ind2="4">
   <subfield code="a">Cơ khí chế tạo</subfield>
  </datafield>
  <datafield tag="650" ind1="#" ind2="4">
   <subfield code="a">Khoa học ứng dụng</subfield>
  </datafield>
 </record>
</collection>
